|
|
|
|
| LEADER |
00000nbm0a2200000 4500 |
| 001 |
127324 |
| 005 |
20231031132206.0 |
| 035 |
|
|
|a (RuTPU)RU\TPU\book\137737
|
| 090 |
|
|
|a 127324
|
| 100 |
|
|
|a 20071213d1974 k y0rusy50 ca
|
| 101 |
0 |
|
|a rus
|
| 102 |
|
|
|a RU
|
| 105 |
|
|
|a a m 001zy
|
| 200 |
1 |
|
|a Исследование затрат мощности на вращение бурильных труб в скважинах при больших числах оборотов(до 3000 об/мин.)
|e Диссертация на соискание ученой степени кандидата технических наук
|e Спец. 04.00.19
|f А. С. Окмянский
|g Томский политехнический институт ; науч. рук. С. С. Сулакшин
|
| 210 |
|
|
|a Томск
|d 1974
|
| 215 |
|
|
|a 293 л.
|c ил.
|
| 320 |
|
|
|a Библиогр.: с. 219-228 (116 назв.)
|
| 610 |
1 |
|
|a исследование
|
| 610 |
1 |
|
|a мощность
|
| 610 |
1 |
|
|a алмазное бурение
|
| 610 |
1 |
|
|a бурильные колонны
|
| 610 |
1 |
|
|a энергоемкость
|
| 610 |
1 |
|
|a вращение
|
| 610 |
1 |
|
|a трубы
|
| 610 |
1 |
|
|a скважины
|
| 610 |
1 |
|
|a экспериментальные исследования
|
| 610 |
1 |
|
|a экономическая эффективность
|
| 610 |
1 |
|
|a диссертационные работы
|
| 610 |
1 |
|
|a методика
|
| 700 |
|
1 |
|a Окмянский
|b А. С.
|
| 702 |
|
1 |
|a Сулакшин
|b С. С.
|g Степан Степанович
|4 727
|
| 712 |
0 |
2 |
|a Томский политехнический институт
|z 1944-1991
|2 stltpush
|3 (RuTPU)RU\TPU\col\1123
|
| 801 |
|
1 |
|a RU
|b 63413507
|c 20071213
|g PSBO
|
| 801 |
|
2 |
|a RU
|b 63413507
|c 20150902
|g PSBO
|
| 942 |
|
|
|c BK
|